01160cam a2200301 a 450000100090000000300090000900500170001800800410003502000220007602000180009804000380011608200200015410000510017424501160022526400520034130000270039333600260042033700280044633800270047450400520050165000510055365100100060465300260061465500240064094200240066499900170068895201530070512160103EG-ScBUE20220407102029.0000831s2001 enk f b f001 0 eng d a0521625688 (pbk.) a9780521625685 aDLCbengerdacDLCdDLCdEG-ScBUE04a410.18222bMAT1 aMatthews, P. H.q(Peter Hugoe)eauthor.93733312aA short history of structural linguistics /cPeter Matthews, professor of linguistics, University of Cambridge. 1aCambridge :bCambridge University Press,c2001. aix, 163 pages ;c24 cm 2rdacontentatextbtxt 2rdamediaaunmediatedbn 2rdacarrieravolumebnc aIncludes bibliographical references and index.  7aStructural linguisticsxHistory.9373342BUEsh 2BUEsh cJanuary2015bHHUUEENN vReading book934232 2ddck410.18 MATcBB c18935d18907 00102ddc40708BaccahaMAINbMAINc2NDd2015-01-22epurchaseg288.00h21291l0o410.18 MATp000037359r2025-07-15 00:00:00v360.00w2015-01-22yBB